| 000 | 00652cab a2200217 4500 | ||
|---|---|---|---|
| 001 | WB2922-09 | ||
| 008 | 090401t1993 xxu||||| |||| 00| 0 eng d | ||
| 035 | _a(Sirsi) u48164 | ||
| 041 | _aeng | ||
| 245 | _aSmoke alarms | ||
| 260 | _c1993 | ||
| 350 | _a0 | ||
| 490 |
_aHerald _v9 June 1993, 9(1) |
||
| 520 | _aIn Scotland, from 23 July 1993, smoke alarms will have to be fitted in all new homes as a result of a change to the building standards regulations. | ||
| 650 | _aFIRE ALARMS | ||
| 650 | _aFIRE PRECAUTIONS ACT 1971 | ||
| 650 | _aSMOKE ALARMS | ||
| 690 | _aBUILT ENVIRONMENT-BUILDING STANDARDS | ||
| 942 | _n0 | ||
| 948 | _c04/03/1997 | ||
| 999 |
_c30265 _d30265 |
||